Responses for show #7706 - Monday, February 26, 2018

Contestants

Jonah Platt, a writer from Los Angeles, California

Maryann Penzvalto, a librarian from Cleveland, Ohio

Alan Harrison, an administrative assistant from Seattle, Washington (whose 2-day cash winnings total $23,710)

Jeopardy! Round responses

DEEP STATE
BEJEWELED
THE BOOK'S ORIGINAL LANGUAGE
SEARCH TERMS
ROCK, PAPER & SCISSORS
THE TV CHARACTER IS HAVING A MOMENT
    $200 15
Montana

Jonah
    $200 5
a diadem (or tiara)

Jonah
    $200 27
seek

Jonah
    $200 12
papyrus

Alan
    $200 9
Friday Night Lights

Maryann
    $400 16
bats

Triple Stumper
    $400 6
a facet

Maryann
    $400 23
(Alex: With less than a minute.)

to scan

Alan
    $400 13
pumice

Jonah
    $400 8
(the Incredible) Hulk

Maryann
    $600 17
Utah

Jonah
    $600 7
earrings

Jonah
    $1,600 28
(Alex: Jules Verne the author.)
...
[The end-of-round signal sounds.]

French

Jonah
    $600 4
(Jonah: What is recon? Reconnaissance?)

scout

Jonah
Triple Stumper
    $600 14
(Jonah: What is metamorphic?)

sedimentary

AlanJonah
    $600 1
Ed Norton

Alan
    $800 18
absolute zero

Triple Stumper
    $800 10
jet

Triple Stumper
    $800 25
(Alan: What is Spanish?)

Italian

Alan
Triple Stumper
    $800 22
(Alan: What is to scrub?)

to scour

AlanMaryann
    $800 20
(Maryann: What is the Revolutionary War?)

the Civil War

MaryannJonah
    $800 2
Willis

Maryann
    $1000 19
Arizona

Alan
    $1000 11
opal and pearl

Triple Stumper
    $1000 24
Polish

Triple Stumper
    $1000 26
inspector

Maryann
    $1000 21
Matisse

Jonah
    $1000 3
(Maryann: What is The Beverly Hillbillies?)
(Alan: What is The Sopranos?)

NCIS

AlanMaryann
Triple Stumper

Scores at the first commercial break (after clue 15):

Alan Maryann Jonah
$400 $800 $200

Scores at the end of the Jeopardy! Round:

Alan Maryann Jonah
$200 $1,800 $4,400

Double Jeopardy! Round responses

A LONG ELEVATOR RIDE
"SMALL" TALK
THE WEATHER
HOW 'BOUT THOSE...
HAVE A GREAT ONE!
YOU TWO
    $400 29
steam power

Triple Stumper
    $400 8
It's a Small World

Jonah
    $400 9
fog

Jonah
    $400 15
the Rose Bowl

Maryann
    $400 25
Michelangelo

Jonah
    $400 16
David and Goliath

Jonah
    $800 27
Muzak

Alan
    $800 5
small claims court

Maryann
    $800 10
the ultraviolet index

Maryann
    $800 14
the Yankees

Jonah
    $800 24
Long Day's Journey Into Night

Alan
    $800 17
the Hatfields and McCoys

Alan
    $1200 26
the Colosseum

Jonah
    $1200 4
(Alan: What are guppies?)

small fry

AlanMaryann
    $1200 11
mercury

Jonah
    $1200 1
the Stanley Cup

Alan
    $1200 21
Japan

Jonah
    $1200 18
Kander and Ebb

Alan
    $4,000 28
the Chrysler Building

Alan
    $1600 6
smallpox

Maryann
    $1600 12
fern frost

Maryann
    $1600 2
Tim Raines

Alan
    $2,500 22
(Jonah: What is Petrushka?)

The Firebird

Jonah
    $1600 19
Watson and Crick

Maryann
    $2000 30
the Burj Khalifa

Triple Stumper
    $2000 7
All Creatures Great and Small

Maryann
    $2000 13
Francis Beaufort

Triple Stumper
    $2000 3
(Jonah: What is 72?)
...
(Alex: 82 games in a season.)

73

AlanJonah
    $2000 23
Lucia di Lammermoor

Jonah
    $2000 20
Romulus and Remus

Alan

Scores at the end of the Double Jeopardy! Round:

Alan Maryann Jonah
$13,400 $11,800 $7,900

[wagering suggestions for these scores]

Final Jeopardy! Round responses

NAME THE NOVEL
JonahWhat is Frankenstein?
$7,898
MaryannWhat is Frankenstein
$4,001
AlanWhat is Pinocchio?
$10,201
Frankenstein

Final scores:

Alan Maryann Jonah
$3,199 $15,801 $15,798
3rd place: $1,000 New champion: $15,801 2nd place: $2,000

Game dynamics:

Coryat scores:

Alan Maryann Jonah
$11,000 $11,800 $9,400
14 R
(including 1 DD),
4 W
14 R,
2 W
18 R
(including 1 DD),
4 W
(including 1 DD)

Combined Coryat: $32,200

The J! Archive is created by fans, for fans. The Jeopardy! game show and all elements thereof, including but not limited to copyright and trademark thereto, are the property of Jeopardy Productions, Inc. and are protected under law. This website is not affiliated with, sponsored by, or operated by Jeopardy Productions, Inc. Join the discussion at JBoard.tv.